[Event "Ruhrgebiet-ch U16"]
[Site "Muelheim"]
[Date "2002.03.26"]
[Round "6"]
[White "Melmer, Felix"]
[Black "Kaienburg, Pascal"]
[Result "1/2-1/2"]
[WhiteElo "1567"]
[BlackElo "1282"]
[PlyCount "76"]
[EventDate "2002.??.??"]
[EventType "swiss"]
[EventRounds "7"]
[EventCountry "GER"]
[SourceTitle "EXT 2003"]
[Source "ChessBase"]
[SourceDate "2002.11.25"]
[SourceVersion "1"]
[SourceVersionDate "2002.11.25"]
[SourceQuality "1"]

1. e4 e5 2. Nf3 Nc6 3. Bc4 Bc5 4. c3 Nf6 5. d3 d6 6. Bb3 0-0 7. Bg5 Be6 8. Bc2 d5 9. Nbd2 dxe4 10. Nxe4 Be7 11. Bxf6 Bxf6 12. 0-0 Bd5 13. Qe2 Be7 14. Ng3 Bd6 15. d4 Re8 16. c4 Bxf3 17. Qxf3 Nxd4 18. Qe4 Nxc2 19. Qxc2 b6 20. Rad1 Qg5 21. Rfe1 Re6 22. Qe4 Rf8 23. Qb7 a5 24. Ne4 Qd8 25. c5 bxc5 26. Nxc5 Rg6 27. Rxe5 Bxe5 28. Rxd8 Rxd8 29. g3 Rb6 30. Qe4 Bd6 31. Nd7 Rxb2 32. Qg4 Rb4 33. f4 Be7 34. Ne5 Rb1+ 35. Kg2 Rb6 36. Qh5 Rf6 37. Ng4 Re6 38. Qxa5 c5 1/2-1/2